La piel de toro: cumbres y simas de la historia de España
Saved in:
| Hovedforfatter: | |
|---|---|
| Format: | Bog |
| Sprog: | spansk |
| Udgivet: |
Madrid, España
Publicaciones Españolas
1968
|
| Udgivelse: | Tercera edición |
| Serier: | Claves de España,
6 |
| Fag: | |
| Tags: |
Tilføj Tag
Ingen Tags, Vær først til at tagge denne postø!
|
MARC
| LEADER | 00000nam a2200000 a 4500 | ||
|---|---|---|---|
| 001 | UCO1331 | ||
| 003 | CL-VaPUC | ||
| 005 | 20241121130328.0 | ||
| 008 | 000512e19680000SP |||||||||||||||||spa|d | ||
| 999 | |c 287959 |d 287957 | ||
| 040 | |c Pontificia Universidad Católica de Valparaíso | ||
| 082 | 0 | 4 | |a 946 XIM 1968 |2 21 |
| 100 | 0 | |a Ximénez de Sandoval, Felipe |e author |9 443350 | |
| 245 | 1 | 3 | |a La piel de toro: |b cumbres y simas de la historia de España |
| 250 | |a Tercera edición | ||
| 260 | |a Madrid, España |b Publicaciones Españolas |c 1968 | ||
| 300 | |a 328 páginas | ||
| 490 | 0 | |a Claves de España, |v 6 | |
| 583 | |a last modification |c 20000512 00:00:00 |k Rodrigo Vera | ||
| 600 | 0 | 7 | |a JAIME I |2 CL-VaPUC |9 437080 |
| 600 | 0 | 7 | |a CARLOS V |2 CL-VaPUC |9 349626 |
| 600 | 0 | 7 | |a JUANA LA LOCA |2 CL-VaPUC |9 443109 |
| 600 | 0 | |a Alfonso X, El Sabio |9 405035 | |
| 650 | 0 | |a Historia de España |9 315435 | |
| 650 | 0 | |a Siglo de oro español |9 414273 | |
| 650 | 0 | |a Guerra civil española |9 331803 | |
| 942 | |c BK |2 ddc | ||
| 945 | |d 20000512 00:00:00 |a rherrera | ||
| 952 | |0 0 |1 0 |2 ddc |4 0 |6 946_000000000000000_XIM_1968 |7 0 |8 A |9 335072 |a BIBHIS |b BIBHIS |d 2019-11-20 |i 1280635 |o 946 XIM 1968 |p 1280635 |r 2025-01-20 |t 1 |w 2019-11-20 |y BK |k HIS | ||
| 952 | |0 0 |1 0 |2 ddc |4 0 |6 946_000000000000000_XIM_1968 |7 0 |8 A |9 335073 |a BIBHIS |b BIBHIS |d 2019-11-20 |i 1281895 |o 946 XIM 1968 |p 1281895 |r 2025-01-20 |t 2 |w 2019-11-20 |y BK |k HIS | ||